[Event "Barbera del Valles op 36th"]
[Site "Barbera del Valles"]
[Date "2013.07.05"]
[Round "2"]
[White "Navarrete Espi, Samuel"]
[Black "Yakushev, Vladimir Sergeevic"]
[Result "0-1"]
[WhiteElo "2214"]
[BlackElo "2111"]
[PlyCount "80"]
[EventDate "2013.07.04"]
[EventType "swiss"]
[EventRounds "9"]
[EventCountry "ESP"]
[SourceTitle "CBM 155 Extra"]
[Source "ChessBase"]
[SourceDate "2013.08.26"]
[SourceVersion "1"]
[SourceVersionDate "2013.08.26"]
[SourceQuality "1"]

1. e4 e5 2. Nf3 Nc6 3. Bb5 a6 4. Ba4 Nf6 5. 0-0 Be7 6. Re1 b5 7. Bb3 0-0 8. h3 d6 9. c3 Nb8 10. d4 Nbd7 11. Nbd2 c5 12. Nf1 c4 13. Bc2 Qc7 14. Ng3 Re8 15. Nf5 Bf8 16. N3h4 h6 17. Qf3 Kh7 18. g4 g6 19. g5 hxg5 20. Bxg5 Bg7 21. Nxg7 Kxg7 22. d5 Rh8 23. Kh2 Ng8 24. Qg3 Ndf6 25. Bd1 Nh5 26. Bxh5 Rxh5 27. Rg1 Qd7 28. Raf1 Rxg5 29. Nf5+ Rxf5 30. exf5 Qxf5 31. f4 e4 32. Rd1 Nf6 33. Qe3 Nxd5 34. Qd4+ Kh7 35. Rg4 Qh5 36. Qxd5 Bxg4 37. Qxf7+ Kh6 38. Rxd6 Qxh3+ 39. Kg1 Qg3+ 40. Kf1 Bf3 0-1

[Event "Moscow Region-ch op"]
[Site "Serpukhov"]
[Date "2004.08.30"]
[Round "7"]
[White "Sergeev, Albert"]
[Black "Yakushev, Vladimir Sergeevic"]
[Result "1-0"]
[WhiteElo "2400"]
[BlackElo "2304"]
[PlyCount "59"]
[EventDate "2004.08.26"]
[EventType "swiss"]
[EventRounds "12"]
[EventCountry "RUS"]
[SourceTitle "EXT 2006"]
[Source "ChessBase"]
[SourceDate "2005.11.24"]
[SourceVersion "1"]
[SourceVersionDate "2005.11.24"]
[SourceQuality "1"]

1. e4 c5 2. Nf3 d6 3. d3 g6 4. g3 Bg7 5. Bg2 e5 6. 0-0 Ne7 7. Nc3 0-0 8. Be3 h6 9. Qd2 g5 10. h4 g4 11. Nh2 h5 12. Bh6 Ng6 13. Bxg7 Kxg7 14. Nd5 Nc6 15. c3 Be6 16. Ne3 Nce7 17. f3 Nxh4 18. gxh4 g3 19. Nhg4 hxg4 20. fxg4 Ng6 21. g5 Nxh4 22. Nf5+ Bxf5 23. exf5 Nxg2 24. f6+ Kg8 25. Kxg2 d5 26. Rh1 d4 27. Qe2 Qd5+ 28. Qe4 Qxe4+ 29. dxe4 d3 30. Rh6 1-0

[Event "Moscow Region-ch op"]
[Site "Serpukhov"]
[Date "2004.08.29"]
[Round "4"]
[White "Yakushev, Vladimir Sergeevic"]
[Black "Petukhov, Rodion"]
[Result "0-1"]
[WhiteElo "2304"]
[BlackElo "2149"]
[PlyCount "50"]
[EventDate "2004.08.26"]
[EventType "swiss"]
[EventRounds "12"]
[EventCountry "RUS"]
[SourceTitle "EXT 2006"]
[Source "ChessBase"]
[SourceDate "2005.11.24"]
[SourceVersion "1"]
[SourceVersionDate "2005.11.24"]
[SourceQuality "1"]

1. c4 Nf6 2. Nc3 d5 3. cxd5 Nxd5 4. e4 Nb6 5. d4 g6 6. Be3 Bg7 7. h3 0-0 8. f4 N8d7 9. Nf3 Nf6 10. g4 h5 11. g5 Ne8 12. Qc2 Be6 13. f5 Bc4 14. Bxc4 Nxc4 15. Bf2 Ned6 16. Nh4 Qd7 17. fxg6 fxg6 18. Nxg6 Rf7 19. b3 Na3 20. Qb2 Qe6 21. e5 Qxg6 22. Qxa3 Qc2 23. Ne2 Ne4 24. Be3 Nc3 25. Rh2 Raf8 0-1